| 000 | 01113nam a2200325 c 4500 | ||
|---|---|---|---|
| 001 | 24257 | ||
| 003 | ES-MaCES | ||
| 005 | 20141221122910.0 | ||
| 008 | 120207s2011 sp d t o000 | spa d | ||
| 024 | 7 |
_a790-11-131-8 _2nipo |
|
| 035 | _aCES20120000730m | ||
| 040 |
_aES-MaCES _bspa _cES-MaCES |
||
| 245 | 0 | 0 | _aInforme del Grupo de Expertos sobre el Fondo de Capitalización para los Trabajadores |
| 260 |
_aMadrid _bMinisterio de Trabajo e Inmigración, Subdirección General de Información Administrativa y Publicaciones _c[2011] |
||
| 300 |
_a83 p. _c23 cm |
||
| 541 | _cGratuito | ||
| 650 | 4 |
_afondo de los asalariados _930141 |
|
| 650 | 4 |
_afondo de previsión _929820 |
|
| 650 | 4 |
_aFOGASA _930871 |
|
| 650 | 4 |
_alegislación del trabajo _927166 |
|
| 650 | 4 |
_areforma legislativa _929892 |
|
| 650 | 4 |
_aEspaña _926964 |
|
| 650 | 4 |
_a2010 _931233 |
|
| 650 | 4 |
_acampo de aplicación _930263 |
|
| 653 | 1 | 0 | _aEmpleo |
| 710 | 1 |
_aEspaña _bMinisterio de Trabajo e Inmigración _eed. _93272 |
|
| 902 | _aDOC Literatura gris | ||
| 942 |
_2CES _cBK _h2.1. |
||
| 999 |
_c24257 _d24257 |
||